000
00317 a2200157 4500
001
188728
020
_a
0-435-27170-9
040
_c
Magnum
100
_a
Escott, John
240
1
0
_a
Newspaper boy
_l
ING
245
1
0
_a
Newspaper boy
300
_a
31
362
0
_a
2004
697
_a
LITERATURA INGLESA
942
_c
BK
999
_c
188728
_d
188728